Zweitausend Meter Fels, (Record no. 1697)

MARC details
000 -LEADER
fixed length control field 00713cam a22002171 4500
001 - CONTROL NUMBER
control field af 47002395
003 - CONTROL NUMBER IDENTIFIER
control field DLC
005 - DATE AND TIME OF LATEST TRANSACTION
control field 20260227110813.0
008 - FIXED-LENGTH DATA ELEMENTS--GENERAL INFORMATION
fixed length control field 831229s1943 au cf b 000 0 ger c
010 ## - LIBRARY OF CONGRESS CONTROL NUMBER
LC control number af 47002395
035 ## - SYSTEM CONTROL NUMBER
System control number (OCoLC)10255379
040 ## - CATALOGING SOURCE
Original cataloging agency Yale Univ. Library
Transcribing agency NhD
Modifying agency DLC
050 00 - LIBRARY OF CONGRESS CALL NUMBER
Classification number DD801.B54
Item number S38
100 1# - MAIN ENTRY--PERSONAL NAME
Personal name Schöner, Hellmut.
245 10 - TITLE STATEMENT
Title Zweitausend Meter Fels,
Remainder of title ein Watzmann-ostwand-buch. Mit 54 Kunstdruckbildern.
260 ## - PUBLICATION, DISTRIBUTION, ETC.
Place of publication, distribution, etc. Salzburg,
Name of publisher, distributor, etc. Verlag "Das Berglandbuch"
Date of publication, distribution, etc. [1943]
300 ## - PHYSICAL DESCRIPTION
Extent 182, [1] p. incl. front., plates, ports.
Dimensions 23 cm.
504 ## - BIBLIOGRAPHY, ETC. NOTE
Bibliography, etc. note "Die Watzmann-ostwand in der alpinen Literatur': p. 179-[180]
651 #0 - SUBJECT ADDED ENTRY--GEOGRAPHIC NAME
Geographic name Watzmann (Germany)
650 #0 - SUBJECT ADDED ENTRY--TOPICAL TERM
Topical term or geographic name entry element Mountaineering.

No items available.

Powered by Koha